Personality (Record no. 40996)

MARC details
000 -LEADER
fixed length control field 00491nam a22001817a 4500
005 - DATE AND TIME OF LATEST TRANSACTION
control field 20250815115813.0
008 - FIXED-LENGTH DATA ELEMENTS--GENERAL INFORMATION
fixed length control field 120705b xxu||||| |||| 00| 0 eng d
020 ## - INTERNATIONAL STANDARD BOOK NUMBER
International Standard Book Number 97804950977914
050 ## - LIBRARY OF CONGRESS CALL NUMBER
Classification number BF 698 .B84 2008
100 ## - MAIN ENTRY--PERSONAL NAME
Personal name Burger, Jerry M.
245 ## - TITLE STATEMENT
Title Personality
250 ## - EDITION STATEMENT
Edition statement 7th ed.
260 ## - PUBLICATION, DISTRIBUTION, ETC. (IMPRINT)
Place of publication, distribution, etc Australia:
Name of publisher, distributor, etc Wadsworth,Cengage learning;
Date of publication, distribution, etc 2008
300 ## - PHYSICAL DESCRIPTION
Extent Xvi,558p.
500 ## - GENERAL NOTE
General note includes bibliographical references and index
650 ## - SUBJECT ADDED ENTRY--TOPICAL TERM
Topical term or geographic name as entry element Personality.
942 ## - ADDED ENTRY ELEMENTS (KOHA)
Source of classification or shelving scheme Library of Congress Classification
Item type Book
Holdings
Withdrawn status Lost status Source of classification or shelving scheme Damaged status Not for loan Collection code Home library Current library Shelving location Date acquired Source of acquisition Total Checkouts Total Renewals Full call number Barcode Date last borrowed Copy number Price effective from Koha item type
    Library of Congress Classification     Non-fiction Bishop Okullu Memorial Library (Limuru Campus) Bishop Okullu Memorial Library (Limuru Campus) General Circulation 05/07/2012 purchase 27 1 BF 698 .B84 2008 031943 18/01/2023 1 05/07/2012 Book
    Library of Congress Classification     Non-fiction Nairobi Campus Nairobi Campus General Circulation 05/07/2012 purchase 28 3 BF 698 .B84 2008 031944 10/03/2020 2 05/07/2012 Book